000 00529nam a2200193Ia 4500
008 240510s9999 xx 000 0 und d
020 _a9781422196571
041 _aEng
082 _a658.406 3
082 _bC36
100 _aCHRISTENSEN,CLAYTON M;RAYNOR,MICHAEL E.
245 4 _aThe Innovators Solution: Creating and Sustaining Successful Growth
260 _bMassachusetts:Harvard Business Review Press
260 _c2003
300 _a301 p.
650 _aInnovation by Management
942 _2ddc
942 _cRBK
999 _c29546
_d29546
945 _a1
_bMadushi Gamage
_c1
_dMadushi Gamage